[Event "Astrakhan Region-ch"]
[Site "Astrakhan"]
[Date "2013.10.12"]
[Round "8"]
[White "Marchenko, Nikolay"]
[Black "Dosaev, Rustam"]
[Result "1/2-1/2"]
[WhiteElo "1838"]
[BlackElo "2137"]
[PlyCount "86"]
[EventDate "2013.10.05"]
[EventType "swiss"]
[EventRounds "9"]
[EventCountry "RUS"]
[SourceTitle "EXT 2014"]
[Source "ChessBase"]
[SourceDate "2013.11.20"]
[SourceVersion "1"]
[SourceVersionDate "2013.11.20"]
[SourceQuality "1"]

1. d4 c6 2. c4 d5 3. Nf3 Nf6 4. Nc3 e6 5. e3 Nbd7 6. Qc2 Bd6 7. g4 Nxg4 8. Rg1 Nxh2 9. Nxh2 Bxh2 10. Rxg7 Nf8 11. Rg2 Bd6 12. Bd3 dxc4 13. Bxc4 b5 14. Bd3 Bb7 15. Rg1 Qc7 16. Bd2 0-0-0 17. 0-0-0 Ng6 18. Ne4 a5 19. Kb1 Kb8 20. Rc1 Qb6 21. f4 f5 22. Ng5 Rhe8 23. Nxh7 Ne7 24. Ng5 Nd5 25. Nf7 Rd7 26. Nxd6 Rxd6 27. Rg7 Re7 28. Rxe7 Nxe7 29. Qc5 Qxc5 30. Rxc5 Nd5 31. Kc2 a4 32. a3 Rd7 33. e4 fxe4 34. Bxe4 Kc7 35. Bxd5 exd5 36. Rc3 Rf7 37. Re3 Bc8 38. Re5 Bf5+ 39. Kd1 Be4 40. Ke2 Rh7 41. Bc3 Rh2+ 42. Ke3 Rh3+ 43. Ke2 Rh2+ 1/2-1/2

[Event "Astrakhan Region-ch"]
[Site "Astrakhan"]
[Date "2013.10.07"]
[Round "3"]
[White "Ivlev, Aleksey"]
[Black "Dosaev, Rustam"]
[Result "1-0"]
[WhiteElo "2081"]
[BlackElo "2137"]
[PlyCount "65"]
[EventDate "2013.10.05"]
[EventType "swiss"]
[EventRounds "9"]
[EventCountry "RUS"]
[SourceTitle "EXT 2014"]
[Source "ChessBase"]
[SourceDate "2013.11.20"]
[SourceVersion "1"]
[SourceVersionDate "2013.11.20"]
[SourceQuality "1"]

1. d4 g6 2. Nf3 Bg7 3. c4 c6 4. Nc3 d6 5. Bf4 Bg4 6. e3 Nd7 7. Be2 h5 8. h3 Bxf3 9. Bxf3 e5 10. dxe5 dxe5 11. Bh2 Nc5 12. 0-0 a5 13. Qc2 Qe7 14. Rad1 Nf6 15. Rd2 0-0 16. Rfd1 Nfd7 17. a3 a4 18. Nxa4 Rxa4 19. Rxd7 Nxd7 20. Qxa4 Nc5 21. Qc2 Rd8 22. b4 Ne6 23. c5 f5 24. Rxd8+ Qxd8 25. Be2 Kh7 26. a4 Qe7 27. a5 Nc7 28. Bc4 Qd7 29. Qd3 Qxd3 30. Bxd3 Kg8 31. g4 hxg4 32. hxg4 fxg4 33. Bxg6 1-0

[Event "Astrakhan Gazprombank-A"]
[Site "Astrakhan"]
[Date "2013.03.08"]
[Round "7"]
[White "Dosaev, Rustam"]
[Black "Nurmukhanov, Timur"]
[Result "0-1"]
[WhiteElo "2158"]
[BlackElo "2257"]
[PlyCount "64"]
[EventDate "2013.03.02"]
[EventType "tourn"]
[EventRounds "9"]
[EventCountry "RUS"]
[EventCategory "2"]
[SourceTitle "CBM 153 Extra"]
[Source "ChessBase"]
[SourceDate "2013.04.22"]
[SourceVersion "1"]
[SourceVersionDate "2013.04.22"]
[SourceQuality "1"]

1. Nf3 Nf6 2. d4 g6 3. c4 Bg7 4. Nc3 0-0 5. e4 d6 6. h3 Nbd7 7. Bd3 e5 8. d5 h6 9. 0-0 Ne8 10. Rb1 f5 11. b4 Ndf6 12. Qc2 f4 13. Nh2 g5 14. Be2 Qd7 15. Qd1 Qf7 16. c5 h5 17. f3 Qg6 18. Ba3 Rf7 19. cxd6 cxd6 20. b5 Bf8 21. Rc1 Rg7 22. Qd3 Be7 23. Rc2 Bd8 24. Na4 Bd7 25. Rb1 Qh6 26. Kh1 g4 27. fxg4 hxg4 28. Bxg4 Bxg4 29. hxg4 Qh4 30. Qh3 Qg5 31. Nf3 Qg6 32. g5 Rh7 0-1

[Event "Astrakhan Gazprombank-A"]
[Site "Astrakhan"]
[Date "2013.03.03"]
[Round "2"]
[White "Iljin, Timofey"]
[Black "Dosaev, Rustam"]
[Result "1-0"]
[WhiteElo "2401"]
[BlackElo "2158"]
[PlyCount "57"]
[EventDate "2013.03.02"]
[EventType "tourn"]
[EventRounds "9"]
[EventCountry "RUS"]
[EventCategory "2"]
[SourceTitle "CBM 153 Extra"]
[Source "ChessBase"]
[SourceDate "2013.04.22"]
[SourceVersion "1"]
[SourceVersionDate "2013.04.22"]
[SourceQuality "1"]

1. d4 Nf6 2. c4 c5 3. d5 e6 4. Nc3 exd5 5. cxd5 d6 6. e4 g6 7. f4 Bg7 8. Bb5+ Nfd7 9. Nf3 0-0 10. 0-0 a6 11. Bd3 b5 12. a3 Re8 13. Bd2 Nf6 14. b4 c4 15. Bc2 Bg4 16. h3 Bxf3 17. Qxf3 Nbd7 18. Rad1 Qb6+ 19. Be3 Qb7 20. Bd4 a5 21. Rfe1 axb4 22. axb4 Qb8 23. Qf2 Nh5 24. Bxg7 Kxg7 25. g4 Nhf6 26. Ra1 Nb6 27. Qd4 Rxa1 28. Rxa1 Na8 29. g5 1-0

[Event "Astrakhan Gazprombank-A"]
[Site "Astrakhan"]
[Date "2013.03.02"]
[Round "1"]
[White "Dosaev, Rustam"]
[Black "Tarasova, Viktoriya"]
[Result "0-1"]
[WhiteElo "2158"]
[BlackElo "2273"]
[PlyCount "64"]
[EventDate "2013.03.02"]
[EventType "tourn"]
[EventRounds "9"]
[EventCountry "RUS"]
[EventCategory "2"]
[SourceTitle "CBM 153 Extra"]
[Source "ChessBase"]
[SourceDate "2013.04.22"]
[SourceVersion "1"]
[SourceVersionDate "2013.04.22"]
[SourceQuality "1"]

1. c4 e5 2. Nc3 Nf6 3. g3 Bb4 4. Bg2 0-0 5. e3 Bxc3 6. bxc3 c6 7. d4 d6 8. Qd3 Re8 9. Ne2 e4 10. Qc2 Be6 11. Qb3 b5 12. d5 bxc4 13. Qb7 Nxd5 14. Qxa8 Qb6 15. Bxe4 Nc7 16. Rb1 Nxa8 17. Rxb6 Nxb6 18. 0-0 Bg4 19. f3 Rxe4 20. fxg4 Rxg4 21. Ba3 d5 22. Nd4 Rg6 23. Nf5 Rf6 24. e4 dxe4 25. Rd1 N8d7 26. g4 h6 27. Rd4 Re6 28. Kf2 Kh7 29. Ke3 Nd5+ 30. Kd2 N7b6 31. Ne3 Nxe3 32. Kxe3 Nd5+ 0-1

[Event "Astrakhan Region-ch"]
[Site "Astrakhan"]
[Date "2012.10.19"]
[Round "7"]
[White "Dosaev, Rustam"]
[Black "Shaginjan, Armen"]
[Result "0-1"]
[WhiteElo "2145"]
[BlackElo "2375"]
[PlyCount "86"]
[EventDate "2012.10.13"]
[EventType "swiss"]
[EventRounds "9"]
[EventCountry "RUS"]
[SourceTitle "EXT 2023"]
[Source "ChessBase"]
[SourceDate "2022.10.05"]
[SourceVersion "1"]
[SourceVersionDate "2022.10.05"]
[SourceQuality "1"]

1. c4 e5 2. Nc3 Nf6 3. g3 d5 4. cxd5 Nxd5 5. Bg2 Nb6 6. Nf3 Nc6 7. 0-0 Be7 8. d3 0-0 9. b3 Be6 10. Bb2 f5 11. Rc1 Bf6 12. Qc2 Nd4 13. Qb1 c6 14. b4 Re8 15. b5 Rc8 16. e3 Nxf3+ 17. Bxf3 cxb5 18. Nxb5 a6 19. Rxc8 Nxc8 20. Na3 Bd5 21. Bxd5+ Qxd5 22. d4 exd4 23. Bxd4 Bxd4 24. Rd1 Qe6 25. Rxd4 b5 26. Qb3 Qxb3 27. axb3 Kf7 28. Nc2 Re6 29. Ne1 Ke7 30. b4 Rd6 31. Kf1 Na7 32. Rh4 h6 33. Ke2 g5 34. Rd4 Nc6 35. Rxd6 Kxd6 36. Nc2 Kd5 37. f4 gxf4 38. exf4 Kc4 39. Kf2 Kd3 40. Ne3 Nxb4 41. g4 fxg4 42. f5 Nc6 43. f6 Ne5 0-1

[Event "Astrakhan Region-ch"]
[Site "Astrakhan"]
[Date "2012.10.17"]
[Round "6"]
[White "Akhmedzhanov, Kamil"]
[Black "Dosaev, Rustam"]
[Result "1-0"]
[WhiteElo "2286"]
[BlackElo "2145"]
[PlyCount "77"]
[EventDate "2012.10.13"]
[EventType "swiss"]
[EventRounds "9"]
[EventCountry "RUS"]
[SourceTitle "EXT 2023"]
[Source "ChessBase"]
[SourceDate "2022.10.05"]
[SourceVersion "1"]
[SourceVersionDate "2022.10.05"]
[SourceQuality "1"]

1. Nf3 c5 2. c3 d5 3. e3 Nc6 4. d4 cxd4 5. exd4 Bg4 6. Nbd2 e6 7. Be2 Bd6 8. 0-0 Qc7 9. Re1 Nf6 10. Ne5 Bxe5 11. dxe5 Nxe5 12. Qa4+ Qd7 13. Bb5 Nc6 14. Nf1 0-0 15. Ng3 a6 16. Bf1 b5 17. Qc2 Nh5 18. Bd3 Nxg3 19. hxg3 Kh8 20. Bf4 Bh5 21. a4 b4 22. Qb3 bxc3 23. bxc3 f6 24. a5 e5 25. Be3 d4 26. cxd4 Nxd4 27. Qa3 Rfc8 28. Rac1 Bg6 29. Bxd4 Rxc1 30. Rxc1 exd4 31. Bxg6 hxg6 32. Qd3 Qb5 33. Rd1 Qxa5 34. Qxd4 Qb5 35. Qe4 Rc8 36. Qxg6 a5 37. Rd4 Qg5 38. Qf7 Ra8 39. Rh4+ 1-0

[Event "Astrakhan Region-ch"]
[Site "Astrakhan"]
[Date "2012.10.17"]
[Round "5"]
[White "Ivlev, Aleksey"]
[Black "Dosaev, Rustam"]
[Result "0-1"]
[WhiteElo "2094"]
[BlackElo "2145"]
[PlyCount "130"]
[EventDate "2012.10.13"]
[EventType "swiss"]
[EventRounds "9"]
[EventCountry "RUS"]
[SourceTitle "EXT 2023"]
[Source "ChessBase"]
[SourceDate "2022.10.05"]
[SourceVersion "1"]
[SourceVersionDate "2022.10.05"]
[SourceQuality "1"]

1. e4 d6 2. d4 Nf6 3. Nc3 g6 4. Bg5 Bg7 5. f4 c5 6. e5 dxe5 7. dxe5 Nfd7 8. Nd5 Nc6 9. Bb5 f6 10. exf6 Nxf6 11. Bxf6 exf6 12. Qe2+ Kf8 13. 0-0-0 Nd4 14. Qc4 Qd6 15. c3 Be6 16. cxd4 Bxd5 17. Qe2 Qxf4+ 18. Kb1 Qe4+ 19. Ka1 Qxg2 20. Qd3 Qxh1 21. dxc5 f5 22. Ne2 Qe4 23. Qxd5 Qxd5 24. Rxd5 Bf6 25. Nf4 Kg7 26. a3 Kh6 27. Ne6 Rhe8 28. Bd7 Rxe6 29. Bxe6 Re8 30. Bf7 Re2 31. Kb1 Rxb2+ 32. Kc1 Rxh2 33. Rd7 Bb2+ 34. Kd1 Bxa3 35. Rxb7 Bxc5 36. Bg8 Kg5 37. Bxh7 Rg2 38. Bg8 a5 39. Rc7 Bb4 40. Bf7 f4 41. Rc6 Kh5 42. Rf6 Rg4 43. Ke2 Kh6 44. Be6 Rg1 45. Bd5 Kg5 46. Rf7 a4 47. Rb7 Bd6 48. Rb6 Be7 49. Be4 Kh5 50. Rb7 Bf8 51. Rb8 Bh6 52. Ra8 Ra1 53. Bc6 a3 54. Bd5 g5 55. Be6 g4 56. Rg8 g3 57. Bd5 Rb1 58. Bf3+ Kh4 59. Rg4+ Kh3 60. Rg6 Rb2+ 61. Ke1 g2 62. Bd1 f3 63. Rxh6+ Kg4 64. Bxf3+ Kxf3 65. Rh3+ Kg4 0-1

[Event "Astrakhan op"]
[Site "Astrakhan"]
[Date "2011.08.25"]
[Round "9.8"]
[White "Sokolov, Vladimir"]
[Black "Dosaev, Rustam"]
[Result "0-1"]
[WhiteElo "2031"]
[BlackElo "2147"]
[PlyCount "69"]
[EventDate "2011.08.17"]
[EventType "swiss"]
[EventRounds "9"]
[EventCountry "RUS"]
[SourceTitle "EXT 2022"]
[Source "ChessBase"]
[SourceDate "2021.10.06"]
[SourceVersion "1"]
[SourceVersionDate "2021.10.06"]
[SourceQuality "1"]

1. e4 d6 2. d4 Nf6 3. Nc3 g6 4. f4 Bg7 5. Nf3 c6 6. Be2 0-0 7. 0-0 Bg4 8. e5 Nd5 9. h3 Bxf3 10. Bxf3 dxe5 11. dxe5 Qb6+ 12. Kh1 Rd8 13. Qe2 Na6 14. Nxd5 cxd5 15. c3 Nc5 16. Be3 a5 17. Bd4 Rac8 18. Rfd1 Qc7 19. Qb5 e6 20. b4 axb4 21. cxb4 Qd7 22. Qxd7 Nxd7 23. Rdc1 Bh6 24. g3 Bf8 25. a3 f6 26. Be2 fxe5 27. fxe5 Bg7 28. Rxc8 Rxc8 29. Bg4 Kf7 30. Re1 Rc4 31. Bb2 Rc2 32. Bd4 h5 33. Be2 Bxe5 34. Bxe5 Nxe5 35. Bxh5 0-1

[Event "Astrakhan op"]
[Site "Astrakhan"]
[Date "2011.08.21"]
[Round "5.14"]
[White "Belova, Svetlana"]
[Black "Dosaev, Rustam"]
[Result "0-1"]
[WhiteElo "1659"]
[BlackElo "2147"]
[PlyCount "106"]
[EventDate "2011.08.17"]
[EventType "swiss"]
[EventRounds "9"]
[EventCountry "RUS"]
[SourceTitle "EXT 2022"]
[Source "ChessBase"]
[SourceDate "2021.10.06"]
[SourceVersion "1"]
[SourceVersionDate "2021.10.06"]
[SourceQuality "1"]

1. e4 d6 2. d4 Nf6 3. Bd3 g6 4. Nc3 Bg7 5. e5 Nfd7 6. f4 0-0 7. Nf3 c5 8. dxc5 dxe5 9. Nxe5 Nxe5 10. fxe5 Nc6 11. Be4 Qa5 12. Bxc6 bxc6 13. Qd4 Ba6 14. b4 Qc7 15. Bf4 Rad8 16. Qe3 Qd7 17. Rd1 Qf5 18. Rxd8 Rxd8 19. Qe4 Qxe4+ 20. Nxe4 Rd4 21. Kf2 Rxe4 22. g3 Bxe5 23. Be3 Bd4 24. Bxd4 Rxd4 25. Re1 e6 26. c3 Rd2+ 27. Ke3 Rxa2 28. Rd1 Bb5 29. Rd8+ Kg7 30. h4 Re2+ 31. Kf3 Rc2 32. c4 Rxc4 33. Rd7 a6 34. g4 Rxb4 35. h5 gxh5 36. gxh5 Rh4 37. Rd2 Rxh5 38. Rg2+ Kf6 39. Rf2 Rxc5 40. Ke4+ Ke7 41. Rh2 h5 42. Kd4 Rc4+ 43. Ke3 h4 44. Rd2 h3 45. Kf2 Rg4 46. Rd1 Rg2+ 47. Ke3 c5 48. Rh1 h2 49. Kf3 Bc6+ 50. Ke3 Rg3+ 51. Kf2 Bxh1 52. Kxg3 c4 53. Kxh2 Be4 0-1